00786nam a2200169 a 4500003000200000005001700002008004100019050003000060100001700090245017500107260009000282300004000372504004100412650005900453650005600512650004800568020250311162706.0090729s19uu xx 00 eng d aPHS PE 1068.K6b.K49 2009 aKim, Min Ji. aVerbal communication skills as indicator of writing proficiency among selected Korean upper school students of Southville International School and Colleges /cMin Ji Kim. aLas Piñas City, Philippines :bSouthville International School and Colleges,c2009. a31 pages :billustrations ;c28 cm. aIncludes bibliographical references. aEnglish languagexStudy and teachingvKorean speakers. aOral communicationxStudy and teaching (Secondary). aLanguage and languagesxStudy and teaching.